<?xml version="1.0" encoding="UTF-8"?><?xml-stylesheet type="text/xsl" href="static/style.xsl"?><OAI-PMH xmlns="http://www.openarchives.org/OAI/2.0/" xmlns:xsi="http://www.w3.org/2001/XMLSchema-instance" xsi:schemaLocation="http://www.openarchives.org/OAI/2.0/ http://www.openarchives.org/OAI/2.0/OAI-PMH.xsd"><responseDate>2026-04-17T06:56:30Z</responseDate><request verb="GetRecord" identifier="oai:www.recercat.cat:11351/10627" metadataPrefix="marc">https://recercat.cat/oai/request</request><GetRecord><record><header><identifier>oai:recercat.cat:11351/10627</identifier><datestamp>2025-10-24T08:55:05Z</datestamp><setSpec>com_2072_378070</setSpec><setSpec>com_2072_378040</setSpec><setSpec>com_2072_378071</setSpec><setSpec>col_2072_378092</setSpec><setSpec>col_2072_378097</setSpec></header><metadata><record xmlns="http://www.loc.gov/MARC21/slim" xmlns:dcterms="http://purl.org/dc/terms/" xmlns:xsi="http://www.w3.org/2001/XMLSchema-instance" xmlns:doc="http://www.lyncode.com/xoai" xsi:schemaLocation="http://www.loc.gov/MARC21/slim http://www.loc.gov/standards/marcxml/schema/MARC21slim.xsd">
   <leader>00925njm 22002777a 4500</leader>
   <datafield ind2=" " ind1=" " tag="042">
      <subfield code="a">dc</subfield>
   </datafield>
   <datafield ind2=" " ind1=" " tag="720">
      <subfield code="a">Romero Farina, Guillermo</subfield>
      <subfield code="e">author</subfield>
   </datafield>
   <datafield ind2=" " ind1=" " tag="720">
      <subfield code="a">Aguade Bruix, Santiago</subfield>
      <subfield code="e">author</subfield>
   </datafield>
   <datafield ind2=" " ind1=" " tag="720">
      <subfield code="a">Ferreira González, Ignacio</subfield>
      <subfield code="e">author</subfield>
   </datafield>
   <datafield ind2=" " ind1=" " tag="260">
      <subfield code="c">2023-11-20T13:50:49Z</subfield>
   </datafield>
   <datafield ind2=" " ind1=" " tag="260">
      <subfield code="c">2023-11-20T13:50:49Z</subfield>
   </datafield>
   <datafield ind2=" " ind1=" " tag="260">
      <subfield code="c">2023-07</subfield>
   </datafield>
   <datafield ind2=" " ind1=" " tag="520">
      <subfield code="a">Malaltia de l'artèria coronària; Factors de risc; Tomografia per emissió computeritzada de fotó únic</subfield>
   </datafield>
   <datafield ind2=" " ind1=" " tag="520">
      <subfield code="a">Enfermedad arterial coronaria; Factores de riesgo; Tomografía por emisión computarizada de fotón único</subfield>
   </datafield>
   <datafield ind2=" " ind1=" " tag="520">
      <subfield code="a">Coronary artery disease; Risk factors; Tomography, emission-computed, single-photon</subfield>
   </datafield>
   <datafield ind2=" " ind1=" " tag="520">
      <subfield code="a">Objectives The aim of this study was to create a new Vall d’Hebron Risk Score-II (VH-RS-II) for non-fatal myocardial infarction (MI) and/or cardiac death (CD), excluding patients with coronary revascularisation (CR) during the follow-up.&#xd;
Methods We analysed 5215 consecutive patients underwent gated single photon emission CT (SPECT); 2960 patients (age 64.2±11, male 58.1%) had no previous MI and/or CR, and 2255 patients (age 63.3±11, male 81.9%) had previous MI and/or CR. During a follow-up of 4.3±2.6 years, the cardiac event (MI and CD) was evaluated. This study was reviewed and approved by the ethics committee of our institution (number form trial register, PR(AG)168.2012). To obtain the predictor model, multivariate Cox regression analysis and multivariate logistic regression analysis were used. RS-VH-II was validated with 679 patients.&#xd;
Results In patients without previous MI and/or CR, age (HR: 1.01; p&lt;0.001), diabetes (HR: 2.1, p=0.001), metabolic equivalent (METs) (HR: 0.89, p=0.038), ST segment depression (HR: 1.4, p=0.011), ejection fraction (EF) (HR: 0.97, p&lt;0.001) and summed stress score (HR: 1.2, p&lt;0.001) were the independent predictors of CE (C-statistic: 0.8). In patients with previous MI and/or CR, age (HR: 1.06, p&lt;0.001), male (HR: 1.9, p=0.047), smoker (HR: 1.5, p=0.047), METs (HR: 0.8, p&lt;0.001), ST segment depression (HR: 1.4, p=0.002), EF (HR: 0.96; p&lt;0.001) and summed difference score (HR: 1.03, p=0.06) were the independent predictors of CE (C-statistic:0.8).&#xd;
Conclusion The VH-RS-II obtained from different clinical exercise and gated SPECT variables allow the risk stratification for MI and CD in patients with or without previous MI and/or CR in due form.</subfield>
   </datafield>
   <datafield ind1="8" ind2=" " tag="024">
      <subfield code="a">http://hdl.handle.net/11351/10627</subfield>
   </datafield>
   <datafield tag="653" ind2=" " ind1=" ">
      <subfield code="a">Infart de miocardi - Tractament</subfield>
   </datafield>
   <datafield tag="653" ind2=" " ind1=" ">
      <subfield code="a">Infart de miocardi - Factors de risc</subfield>
   </datafield>
   <datafield tag="653" ind2=" " ind1=" ">
      <subfield code="a">DISEASES::Cardiovascular Diseases::Heart Diseases::Myocardial Ischemia::Myocardial Infarction</subfield>
   </datafield>
   <datafield tag="653" ind2=" " ind1=" ">
      <subfield code="a">Other subheadings::Other subheadings::/therapy</subfield>
   </datafield>
   <datafield tag="653" ind2=" " ind1=" ">
      <subfield code="a">ANALYTICAL, DIAGNOSTIC AND THERAPEUTIC TECHNIQUES, AND EQUIPMENT::Investigative Techniques::Epidemiologic Methods::Statistics as Topic::Probability::Risk::Risk Factors</subfield>
   </datafield>
   <datafield tag="653" ind2=" " ind1=" ">
      <subfield code="a">ANALYTICAL, DIAGNOSTIC AND THERAPEUTIC TECHNIQUES, AND EQUIPMENT::Diagnosis::Prognosis</subfield>
   </datafield>
   <datafield tag="653" ind2=" " ind1=" ">
      <subfield code="a">ENFERMEDADES::enfermedades cardiovasculares::enfermedades cardíacas::isquemia miocárdica::infarto de miocardio</subfield>
   </datafield>
   <datafield tag="653" ind2=" " ind1=" ">
      <subfield code="a">Otros calificadores::Otros calificadores::/terapia</subfield>
   </datafield>
   <datafield tag="653" ind2=" " ind1=" ">
      <subfield code="a">TÉCNICAS Y EQUIPOS ANALÍTICOS, DIAGNÓSTICOS Y TERAPÉUTICOS::técnicas de investigación::métodos epidemiológicos::estadística como asunto::probabilidad::riesgo::factores de riesgo</subfield>
   </datafield>
   <datafield tag="653" ind2=" " ind1=" ">
      <subfield code="a">TÉCNICAS Y EQUIPOS ANALÍTICOS, DIAGNÓSTICOS Y TERAPÉUTICOS::diagnóstico::pronóstico</subfield>
   </datafield>
   <datafield ind2="0" ind1="0" tag="245">
      <subfield code="a">Vall d’Hebron Risk Score II for myocardial infarction and cardiac death</subfield>
   </datafield>
</record></metadata></record></GetRecord></OAI-PMH>